| 000 | 00373nam a22001457a 4500 | ||
|---|---|---|---|
| 999 |
_c5938 _d5936 |
||
| 005 | 20210827155008.0 | ||
| 008 | 190604b xxu||||| |||| 00| 0 eng d | ||
| 020 | _a978-33-86943-07-1 | ||
| 041 | _aeng | ||
| 100 |
_aSACHDEVA, , MONIKA AND DHOLPURIA, RAJESH _95040 |
||
| 245 | _aREMEDIAL BIOLOGY (SEM-I) | ||
| 260 |
_aPUNE _bNIRALI PRAKASHAN |
||
| 300 | _aB.1p, | ||
| 942 | _cBK | ||